| 000 | 00000nam##2200000za#4500 |
| 001 | 9.644300 |
| 003 | CaOODSP |
| 005 | 20250506145324 |
| 007 | cr ||||||||||| |
| 008 | 150407|1978||||xxc|||||o f|0| 0 fre|d |
| 040 | |aCaOODSP|bfre |
| 043 | |an-cn--- |
| 086 | 1 |aA53-1649/1978F-PDF |
| 110 | 1 |aCanada.|bAgriculture Canada. |
| 245 | 10|aConservation des fleurs au gel de silice / |h[ressource électronique]|cpar Peggy Bolster. |
| 260 | |aOttawa - Ontario : |bAgriculture Canada |c1978. |
| 300 | |a24p.|bill. (certaines en couleur), références |
| 500 | |aPublication historique numérisée par Agriculture et Agroalimentaire Canada |
| 590 | |a15-03-Supp|b2015-03-13 |
| 720 | 1 |aBolster, Peggy |
| 775 | 08|tPreserving flowers with silica gel / |w(CaOODSP)9.700413 |
| 856 | 40|ahttp://publications.gc.ca|qPDF|s2632 Ko|uhttps://publications.gc.ca/collections/collection_2015/aac-aafc/A53-1649-1978-fra.pdf |
| 986 | |aPublication 1649 |